00689nam a2200241 a 4500001001300000003000900013005001700022008004100039020002300080082001300103100002000116245003000136260004400166300000900210500003500219505001500254650001200269700002000281902000800301942000700309952011400316999001700430nice12345678IN_TiNIC20260116014405.0121107s2012 kola grp 000 0 eng  a9788185861418c30000a630bMAN aMansata, Bharat aVision of Natural Farming aKolkata, India bEarthcare Books c2012 a277p aincludes index and biblioraphy2 aAppendices aFarming1 aMansata, Bharat bSRS cBK 001040708StackRoom-aHMIbHMId2012-11-07g300.00l0o630 MANp023959r2012-11-07v300.00w2012-11-07yBK c15085d15085